00817 2200277 4500001002100000005001500021035002000036007000300056008004100059040002200100082001700122084001900139090002100158100003100179245006000210250002600270300004600296650002500342850001200367504003400379264003200413336002100445337003000466338002300496990002000519INLIS00000000086496120210924103725 a0010-0921000711ta210924s1979 jkia g ind d aYOPDYOGbinderda04223a306.1598 a306.1598 KOE m aL 306.1598 KOE mo aKoentjaraningratepenyusun10aManusia dan kebudayaan di Indonesia /cKoentjaraningrat aCetakan keempat, 1979 aviii, 388 halaman :bpeta, tabel ;c21 cm 4aIndonesia--xSejarah aYOPDYOG aBibliografi : halaman 387-38831aJakarta :bDjambatan,c1979 2rdacontentateks 2rdamediaatanpa perantara 2rdacarrieravolume a68345-PD/A.2021